[Event "Titled Tuesday intern op 06th Feb Early"]
[Site "Chess.com INT"]
[Date "2024.02.06"]
[Round "3"]
[White "Cueto, Jose"]
[Black "Azizoglu, Ferzan"]
[Result "0-1"]
[WhiteElo "2095"]
[BlackElo "2086"]
[PlyCount "100"]
[EventDate "2024.02.06"]
[EventType "swiss (blitz)"]
[EventRounds "11"]
[EventCountry "USA"]
[SourceTitle "CB07_2024"]
[SourceDate "2024.02.14"]
[SourceVersion "1"]
[SourceVersionDate "2024.02.14"]
[SourceQuality "1"]

1. d4 Nf6 2. Bf4 e6 3. e3 d5 4. Nf3 c5 5. Nbd2 Nc6 6. c3 Bd6 7. Ne5 Qc7 8. Ndf3 0-0 9. Bd3 b6 10. h4 Bb7 11. h5 Ne4 12. h6 g6 13. Nxc6 Bxc6 14. Bxd6 Qxd6 15. Bxe4 dxe4 16. Ne5 Bb7 17. 0-0 cxd4 18. cxd4 f6 19. Nc4 Qd5 20. Rc1 Rac8 21. b3 Rfd8 22. Re1 Ba6 23. Qg4 Kf7 24. Nd2 Bd3 25. f3 exf3 26. Nxf3 Be4 27. Nd2 Bd3 28. e4 Qxd4+ 29. Kh1 Qe5 30. Nf3 Qh5+ 31. Qxh5 gxh5 32. e5 Bg6 33. exf6 Kxf6 34. Kg1 Rxc1 35. Rxc1 Rd7 36. Kf2 e5 37. Rc6+ Kf5 38. Nh4+ Kg5 39. Nf3+ Kf5 40. Nh4+ Kg5 41. Nf3+ Kxh6 42. Nxe5 Rd2+ 43. Kg3 Rxa2 44. Kh4 Rxg2 45. Nf7+ Kg7 46. Ng5 Rg4+ 47. Kh3 Rxg5 48. Rc7+ Kh6 49. Rxa7 Rb5 50. Ra3 Rb4 0-1

[Event "TUR-chT 1st League"]
[Site "Konya"]
[Date "2017.07.19"]
[Round "4.11"]
[White "Albay, Koraycan"]
[Black "Azizoglu, Ferzan"]
[Result "0-1"]
[WhiteElo "1724"]
[BlackElo "2068"]
[PlyCount "74"]
[EventDate "2017.07.17"]
[EventType "team-swiss"]
[EventRounds "9"]
[EventCountry "TUR"]
[SourceTitle "CBM 179 Extra"]
[Source "ChessBase"]
[SourceDate "2017.08.23"]
[SourceVersion "1"]
[SourceVersionDate "2017.08.23"]
[SourceQuality "1"]
[WhiteTeam "Kocaeli Buyuksehir"]
[BlackTeam "Pamukkale Universiteli"]
[WhiteTeamCountry "TUR"]
[BlackTeamCountry "TUR"]

1. d4 Nf6 2. c4 g6 3. Nc3 Bg7 4. e4 d6 5. Nge2 0-0 6. Ng3 c5 7. d5 e6 8. Be2 exd5 9. exd5 Re8 10. Bf4 a6 11. a4 h5 12. f3 h4 13. Nge4 Nh5 14. Bg5 Qb6 15. Qd2 f5 16. Nf2 Bd4 17. Kf1 Nd7 18. Bxh4 Be3 19. Qc2 Ne5 20. Nfd1 Bd4 21. Qd2 Kh7 22. h3 Nf7 23. Bd3 Qd8 24. Bf2 Bd7 25. g4 Bxf2 26. gxh5 Bd4 27. hxg6+ Kxg6 28. h4 Kf6 29. Qf4 Kg7 30. Bxf5 Bxf5 31. Qxf5 Re5 32. Qg4+ Kh8 33. Ne4 Qe7 34. Ndc3 Rg8 35. Qf4 Rh5 36. Ke2 Rg2+ 37. Kd1 Ne5 0-1

[Event "TUR-chT 1st League"]
[Site "Konya"]
[Date "2017.07.18"]
[Round "2.6"]
[White "Erdogan, Hakan"]
[Black "Azizoglu, Ferzan"]
[Result "0-1"]
[WhiteElo "2106"]
[BlackElo "2068"]
[PlyCount "50"]
[EventDate "2017.07.17"]
[EventType "team-swiss"]
[EventRounds "9"]
[EventCountry "TUR"]
[SourceTitle "CBM 179 Extra"]
[Source "ChessBase"]
[SourceDate "2017.08.23"]
[SourceVersion "1"]
[SourceVersionDate "2017.08.23"]
[SourceQuality "1"]
[WhiteTeam "Istanbul Teknik Uni"]
[BlackTeam "Pamukkale Universiteli"]
[WhiteTeamCountry "TUR"]
[BlackTeamCountry "TUR"]

1. d4 Nf6 2. c4 g6 3. Nc3 Bg7 4. e4 d6 5. f3 0-0 6. Be3 c5 7. d5 e6 8. Qd2 exd5 9. cxd5 a6 10. 0-0-0 Re8 11. g4 b5 12. g5 b4 13. Na4 Nh5 14. Kb1 Bd7 15. Qc2 Qa5 16. b3 Bxa4 17. bxa4 Nd7 18. Bc4 Ne5 19. Be2 Rab8 20. Bd2 c4 21. f4 Nxf4 22. Bxf4 b3 23. axb3 Rxb3+ 24. Qxb3 cxb3 25. Rd4 Qc3 0-1

[Event "TUR-chT 1st League"]
[Site "Konya"]
[Date "2017.07.17"]
[Round "1.6"]
[White "Azizoglu, Ferzan"]
[Black "Demir, Bilal"]
[Result "1/2-1/2"]
[WhiteElo "2068"]
[BlackElo "2069"]
[PlyCount "65"]
[EventDate "2017.07.17"]
[EventType "team-swiss"]
[EventRounds "9"]
[EventCountry "TUR"]
[SourceTitle "CBM 179 Extra"]
[Source "ChessBase"]
[SourceDate "2017.08.23"]
[SourceVersion "1"]
[SourceVersionDate "2017.08.23"]
[SourceQuality "1"]
[WhiteTeam "Pamukkale Universiteli"]
[BlackTeam "Callica Burdur"]
[WhiteTeamCountry "TUR"]
[BlackTeamCountry "TUR"]

1. Nf3 d6 2. e4 e5 3. d4 exd4 4. Nxd4 Nf6 5. Nc3 Be7 6. g3 d5 7. e5 Ng4 8. e6 Nf6 9. exf7+ Kxf7 10. Bg2 Re8 11. 0-0 c6 12. Bf4 Na6 13. h3 Nc5 14. Re1 Ne6 15. Nxe6 Bxe6 16. Ne2 Bd6 17. Bxd6 Qxd6 18. Nd4 Bd7 19. Qd3 g6 20. Qb3 b5 21. c3 a6 22. Rad1 Rxe1+ 23. Rxe1 Re8 24. Rxe8 Kxe8 25. a4 c5 26. Nf3 Kf7 27. axb5 axb5 28. Qa3 Qe7 29. Qa7 Be8 30. Ne5+ Ke6 31. Qxe7+ Kxe7 32. f4 Kd6 33. Kf2 1/2-1/2

[Event "TUR-ch"]
[Site "Kusadasi"]
[Date "2004.03.04"]
[Round "8"]
[White "Goksel, Doga Cihan"]
[Black "Azizoglu, Ferzan"]
[Result "0-1"]
[WhiteElo "2130"]
[BlackElo "1988"]
[PlyCount "66"]
[EventDate "2004.02.28"]
[EventType "swiss"]
[EventRounds "12"]
[EventCountry "TUR"]
[SourceTitle "CBM 099 Extra"]
[Source "ChessBase"]
[SourceDate "2004.05.04"]
[SourceVersion "1"]
[SourceVersionDate "2004.05.04"]
[SourceQuality "1"]

1. Nf3 d5 2. d4 Nf6 3. c4 dxc4 4. e3 e6 5. Bxc4 a6 6. 0-0 c5 7. a4 Nc6 8. Nc3 Be7 9. Qe2 cxd4 10. Rd1 0-0 11. exd4 Nd5 12. Bd3 Ncb4 13. Bb1 b6 14. Qe4 f5 15. Qe2 Re8 16. Bd2 Bf6 17. Ne5 Bb7 18. Ra3 Rc8 19. Nxd5 Qxd5 20. Nf3 Nc6 21. Bc3 Kh8 22. Ba2 Qd6 23. Ne5 Nxe5 24. dxe5 Qc6 25. f3 Be7 26. b4 a5 27. Qb2 axb4 28. Bxb4 Bc5+ 29. Kh1 Red8 30. Rb1 Bxb4 31. Rb3 Ba5 32. h3 Rd2 33. Qa3 Qc5 0-1